| 000 | 00706aam a2200241 4500 | ||
|---|---|---|---|
| 005 | 20231010110621.0 | ||
| 008 | 150325b2001 xxu||||| |||| 00| 0 spa d | ||
| 020 | _a9284440505X | ||
| 041 | _aESP | ||
| 082 | _a306.77 O63p | ||
| 100 | _aOrganización Mundial del Turismo | ||
| 245 | _aLa protección de los niños contra la explotación sexual en el turismo: modulo para jóvenes de 12 a 16 años | ||
| 260 | _aEspaña | ||
| 260 | _bOMT | ||
| 260 | _c2001 | ||
| 300 | _a92 páginas | ||
| 505 | _aContiene disco compacto N° 164 | ||
| 650 | _aEXPLOTACIÓN SEXUAL | ||
| 650 | _aPROSTITUCIÓN INFANTIL | ||
| 650 | _aDERECHOS DEL NIÑO | ||
| 650 | _aTURISMO | ||
| 942 |
_cBK _2ddc |
||
| 999 |
_c1007 _d1007 |
||